| 000 | 00667nam a22002052 4500 | ||
|---|---|---|---|
| 001 | 0000007296 | ||
| 005 | 20151217152028.0 | ||
| 008 | 071221s xx 000 0 eng d | ||
| 020 |
_a9966706968 : _cKES 150 |
||
| 040 |
_aKABU _cKABU |
||
| 100 | 1 |
_aNthangi, Agnes. _@0000158523 |
|
| 245 | 1 | 0 |
_aHow to choose and advance your career : _bpersonality guide to course and career / _cAgnes Nthangi. |
| 260 |
_aNairobi : _bQueenex, _c2007. |
||
| 300 | _a68 p. | ||
| 650 | 0 |
_aVocational guidance. _@0000157388 |
|
| 908 | _a071221 | ||
| 950 | _@1 | ||
| 999 |
_c7483 _d7483 |
||